Normal view
MARC view
- Jordan . Ministry of energy and mineral resources
Entry Personal Name
001 - CONTROL NUMBER
- control field: 2990
003 - CONTROL NUMBER IDENTIFIER
- control field: JO-AjAnu
005 - DATE AND TIME OF LATEST TRANSACTION
- control field: 20230606070807.0
008 - FIXED-LENGTH DATA ELEMENTS
- fixed length control field: 230606|| aca||aabn | a|a d
040 ## - CATALOGING SOURCE
- Original cataloging agency: JO-AjAnu
- Transcribing agency: JO-AjAnu
100 ## - HEADING--PERSONAL NAME
- Personal name: Jordan . Ministry of energy and mineral resources
670 ## - SOURCE DATA FOUND
- Source citation: Work cat.: (JO-AjAnu)1568: Jordan . Ministry of energy and mineral resources, author, Annual raport: Ministry of energy and mineral resources